[Event "Krapina op 2nd"]
[Site "Krapina"]
[Date "2012.06.27"]
[Round "2"]
[White "Pecic, Mario"]
[Black "Jakolic, Josip"]
[Result "1/2-1/2"]
[WhiteElo "1546"]
[BlackElo "1889"]
[PlyCount "22"]
[EventDate "2012.06.26"]
[EventType "swiss"]
[EventRounds "9"]
[EventCountry "CRO"]
[SourceTitle "EXT 2013"]
[Source "ChessBase"]
[SourceDate "2012.11.22"]
[SourceVersion "1"]
[SourceVersionDate "2012.11.22"]
[SourceQuality "1"]

1. e4 c6 2. Nf3 d5 3. exd5 cxd5 4. d4 Nc6 5. c3 Bf5 6. Bd3 Bg4 7. h3 Bh5 8. Nbd2 e6 9. Qb3 Qc7 10. Qc2 Bg6 11. Bxg6 hxg6 1/2-1/2

[Event "Krapina op"]
[Site "Krapina"]
[Date "2011.07.08"]
[Round "5"]
[White "Jakolic, Josip"]
[Black "Mesar, Antun"]
[Result "1/2-1/2"]
[WhiteElo "1892"]
[BlackElo "1652"]
[PlyCount "58"]
[EventDate "2011.06.29"]
[EventType "swiss"]
[EventRounds "9"]
[EventCountry "CRO"]
[SourceTitle "EXT 2012"]
[Source "ChessBase"]
[SourceDate "2011.11.24"]
[SourceVersion "1"]
[SourceVersionDate "2011.11.24"]
[SourceQuality "1"]

1. d4 d5 2. c4 e6 3. Nc3 Nf6 4. Bg5 Nbd7 5. Nf3 Be7 6. e3 h6 7. Bh4 0-0 8. c5 c6 9. b4 b6 10. Be2 a5 11. a3 Ba6 12. 0-0 Bxe2 13. Qxe2 b5 14. Nd2 Ne4 15. Bxe7 Nxc3 16. Qd3 Qxe7 17. Qxc3 a4 18. e4 Rae8 19. Rae1 Qd8 20. f4 f5 21. e5 Kh7 22. Re3 Rg8 23. Rh3 g5 24. fxg5 Rxg5 25. Nf3 Rg6 26. Qe3 Reg8 27. Rf2 Qe7 28. Nh4 Rg5 29. Nf3 R5g6 1/2-1/2

[Event "Krapina op"]
[Site "Krapina"]
[Date "2011.07.01"]
[Round "2"]
[White "Jakolic, Josip"]
[Black "Hamer, Ivan"]
[Result "0-1"]
[WhiteElo "1892"]
[BlackElo "2099"]
[PlyCount "72"]
[EventDate "2011.06.29"]
[EventType "swiss"]
[EventRounds "9"]
[EventCountry "CRO"]
[SourceTitle "EXT 2012"]
[Source "ChessBase"]
[SourceDate "2011.11.24"]
[SourceVersion "1"]
[SourceVersionDate "2011.11.24"]
[SourceQuality "1"]

1. d4 Nf6 2. c4 g6 3. Nc3 d5 4. cxd5 Nxd5 5. e4 Nxc3 6. bxc3 Bg7 7. Be3 0-0 8. f4 c5 9. Qd2 Qa5 10. Nf3 Nc6 11. Rd1 Be6 12. Ne5 Nxe5 13. fxe5 cxd4 14. cxd4 Qxa2 15. Qxa2 Bxa2 16. Ra1 Bb3 17. Rb1 Bc2 18. Rxb7 e6 19. Rb2 Bxe4 20. Ba6 Rab8 21. Rxb8 Rxb8 22. Kf2 Rb2+ 23. Be2 Bd3 24. Re1 a5 25. Kf3 Bxe2+ 26. Rxe2 Rxe2 27. Kxe2 f6 28. exf6 Bxf6 29. Kd3 a4 30. Ke4 Be7 31. d5 exd5+ 32. Kxd5 a3 33. Kc4 Kf7 34. Kb3 Ke6 35. h4 h5 36. Bc1 Kf5 0-1